{"text_format":"3","workbook":"xlsx","n_sheets":1,"sheets":["Sheet1"],"read":"whole","date_system":"1900"}

{"sheet":"Sheet1","index":0,"n_rows":183,"n_cols":19,"rows_kept":183}
["Status","Item of requisition","Acct Assignment Cat.","Item Category","Material","Short Text","Quantity requested","Unit of Measure","Valuation Price","Total Value","Material Group","Plant","Storage Location","Purchasing Group","Purch. organization","Requisitioner","Desired Vendor","Supplying Plant","Purchase order"]
["","10","K","","0698480","BANDAGE:CONFORM;WD 100 MM;LG 3 M",30,"EA",58.99,{"v":1769.7,"d":"1,769.70"},"T/S PPE 1st Aid","Central Customer Service","Delivery To Site","128","0002","","","",""]
["","20","K","","0698481","BANDAGE:CONFORM;WD 150 MM;LG 3 M",30,"EA",{"v":77,"d":"77.00"},{"v":2310,"d":"2,310.00"},"T/S PPE 1st Aid","Central Customer Service","Delivery To Site","128","0002","","","",""]
["","30","K","","0698511","GEL:BURNSHIELD HYDROGEL;BOTTLE;125 G",30,"EA",62.99,{"v":1889.7,"d":"1,889.70"},"T/S PPE 1st Aid","Central Customer Service","Delivery To Site","128","0002","","","",""]
["","40","K","","0698504","DRESSING BURN:BURNSHIELD;SQ 100 MM",30,"EA",{"v":39,"d":"39.00"},{"v":1170,"d":"1,170.00"},"T/S PPE 1st Aid","Central Customer Service","Delivery To Site","128","0002","","","",""]
["","50","K","","0698505","DRESSING BURN:BURNSHIELD;SQ 200 MM",30,"EA",85.99,{"v":2579.7,"d":"2,579.70"},"T/S PPE 1st Aid","Central Customer Service","Delivery To Site","128","0002","","","",""]
["","60","K","","0698506","DRESSING BURN:BURNSHIELD;FOAM/HYDROGEL",1,"EA",0.01,0.01,"T/S PPE 1st Aid","Central Customer Service","Delivery To Site","271","0002","","","",""]
["","70","K","","0698518","KIT:BUTTERFLY, 23 GA;INFUSION",1,"EA",0.01,0.01,"T/S PPE 1st Aid","Central Customer Service","Delivery To Site","271","0002","","","",""]
["","80","K","","0698519","KIT:BUTTERFLY, 21 GA;INFUSION",1,"EA",0.01,0.01,"T/S PPE 1st Aid","Central Customer Service","Delivery To Site","271","0002","","","",""]
["","90","K","","0698494","COTTON PURFD:COTTON WOOL;WHITE;BALL;1 G",12,"EA",{"v":90,"d":"90.00"},{"v":1080,"d":"1,080.00"},"T/S PPE 1st Aid","Central Customer Service","Delivery To Site","128","0002","","","",""]
["","100","K","","0698570","PRTCTR BEDNG:LINNEN SAVER;LG 600 MM",18,"EA",{"v":560,"d":"560.00"},{"v":10080,"d":"10,080.00"},"T/S PPE 1st Aid","Central Customer Service","Delivery To Site","128","0002","","","",""]
["","110","K","","0698561","PAD MED:OVAL EYE PADS;85 MM;12 PC",9,"EA",99.99,899.91,"T/S PPE 1st Aid","Central Customer Service","Delivery To Site","128","0002","","","",""]
["","120","K","","0698493","COTTON BUD:EAR;COTTON WOOL;100 PC;BOTTLE",18,"EA",20.99,377.82,"T/S PPE 1st Aid","Central Customer Service","Delivery To Site","128","0002","","","",""]
["","130","K","","0540491","DRESSING:FIRST AID;WD 150 X LG 200 MM",36,"EA",10.99,395.64,"GX Plant","Central Customer Service","Delivery To Site","128","0002","","","",""]
["","140","K","","0698503","DRESSING:FIRST AID;WD 100 X LG 200 MM",36,"EA",12.99,467.64,"T/S PPE 1st Aid","Central Customer Service","Delivery To Site","128","0002","","","",""]
["","150","K","","0697283","GAUZE:COMPRESS;WD 75 X LG 75 MM",15,"EA",16.99,254.85,"T/S PPE 1st Aid","Central Customer Service","Delivery To Site","128","0002","","","",""]
["","160","K","","0697284","GAUZE:COMPRESS;WD 100 X LG 100 MM",15,"EA",{"v":55.6,"d":"55.60"},{"v":834,"d":"834.00"},"T/S PPE 1st Aid","Central Customer Service","Delivery To Site","128","0002","","","",""]
["","170","K","","0147513","GAUZE:STERILE SWABS;SQ 75 MM",15,"EA",{"v":55.6,"d":"55.60"},{"v":834,"d":"834.00"},"P&S Plnt Brkr Spares","Central Customer Service","Delivery To Site","128","0002","","","",""]
["","180","K","","0698542","MEDICINE, ANTIDOTE:LIQUID;25 MG;1 PC",1,"EA",0.01,0.01,"T/S PPE 1st Aid","Central Customer Service","Delivery To Site","271","0002","","","",""]
["","190","K","","0666672","GLCSEMTR:BLOOD GLUCOSE MONITOR;LARGE",12,"EA",{"v":189,"d":"189.00"},{"v":2268,"d":"2,268.00"},"Prim & Second Plant","Central Customer Service","Delivery To Site","128","0002","","","",""]
["","200","K","","0675123","GLOVE DSPSBL:SMALL;NATURAL RUBBER LATEX",30,"EA",{"v":210,"d":"210.00"},{"v":6300,"d":"6,300.00"},"T/S PPE Prot Equip","Central Customer Service","Delivery To Site","128","0002","","","",""]
["","210","K","","0675124","GLOVE DSPSBL:MEDIUM;NATURAL RUBBER LATEX",30,"EA",{"v":210,"d":"210.00"},{"v":6300,"d":"6,300.00"},"T/S PPE Prot Equip","Central Customer Service","Delivery To Site","128","0002","","","",""]
["","220","K","","0697297","MEDICINE:ADRENALINE AMPS;LIQUID;AMPULES",12,"EA",{"v":59,"d":"59.00"},{"v":708,"d":"708.00"},"T/S PPE 1st Aid","Central Customer Service","Delivery To Site","128","0002","","","",""]
["","230","K","","0690531","MEDICINE:RHINETON;TABLET;BOX;1000;4 MG",1,"EA",0.01,0.01,"GX Plant","Central Customer Service","Delivery To Site","271","0002","","","",""]
["","240","K","","0698547","MEDICINE PAINKILR:ASPIRIN;TABLET;150 MG",12,"EA",{"v":42,"d":"42.00"},{"v":504,"d":"504.00"},"T/S PPE 1st Aid","Central Customer Service","Delivery To Site","128","0002","","","",""]
["","250","K","","0666600","MEDICINE:CITRO-SODA;GRANULAR;4 G;SACHET",1,"EA",0.01,0.01,"T/S PPE 1st Aid","Central Customer Service","Delivery To Site","271","0002","","","",""]
["","260","K","","0698531","MEDICINE:ALUMINIUM HYDROXIDE;GEL;200 ML",1,"EA",0.01,0.01,"T/S PPE 1st Aid","Central Customer Service","Delivery To Site","271","0002","","","",""]
["","270","K","","0669560","MEDICINE, ANTIHISTAMINE:ALLERGEX;TUBE",72,"EA",16.99,{"v":1223.28,"d":"1,223.28"},"T/S PPE 1st Aid","Central Customer Service","Delivery To Site","128","0002","","","",""]
["","280","K","","0699941","MEDICINE:ATROPINE;LIQUID;AMPULES;0.5 MG",15,"EA",42.99,644.85,"GX Plant","Central Customer Service","Delivery To Site","128","0002","","","",""]
["","290","K","","0697330","OINTMNT MED:BETADINE;PASTE;ANTISEPTIC",36,"EA",49.99,{"v":1799.64,"d":"1,799.64"},"T/S PPE 1st Aid","Central Customer Service","Delivery To Site","128","0002","","","",""]
["","300","K","","0666603","MEDICINE PAINKILR:IBUPROFEN;TABLET",1,"EA",0.01,0.01,"T/S PPE 1st Aid","Central Customer Service","Delivery To Site","271","0002","","","",""]
["","310","K","","0698541","MEDICINE ANTBTC:SOLU-CORTEF;100 MG",54,"EA",35.46,{"v":1914.84,"d":"1,914.84"},"T/S PPE 1st Aid","Central Customer Service","Delivery To Site","128","0002","","","",""]
["","320","K","","0698533","MEDICINE:DEXTROSE;LIQUID;20 ML;VIAL;1 PC",30,"EA",34.99,{"v":1049.7,"d":"1,049.70"},"T/S PPE 1st Aid","Central Customer Service","Delivery To Site","128","0002","","","",""]
["","330","K","","0698551","MEDICINE, RESPIRATORY:DUOLIN;LIQUID",1,"EA",72.42,72.42,"T/S PPE 1st Aid","Central Customer Service","Delivery To Site","271","0002","","","",""]
["","340","K","","0697288","MEDICINE:FAMUCAPS/FLUEND;TABLET;1000",1,"EA",0.01,0.01,"T/S PPE 1st Aid","Central Customer Service","Delivery To Site","271","0002","","","",""]
["","350","K","","0669562","FOOT PWDR:KARROO;POWDER;SHAKER;100 G",1,"EA",0.01,0.01,"T/S PPE 1st Aid","Central Customer Service","Delivery To Site","271","0002","","","",""]
["","360","K","","0690526","MEDICINE:HEPATITIS B;INJECTION;1 ML;VIAL",60,"EA",118.99,{"v":7139.4,"d":"7,139.40"},"GX Plant","Central Customer Service","Delivery To Site","128","0002","","","",""]
["","370","K","","0697275","EYE DROP:IGLO;TEARS NATURAL;BOTTLE;15 ML",1,"EA",59.99,59.99,"T/S PPE 1st Aid","Central Customer Service","Delivery To Site","271","0002","","","",""]
["","380","K","","0697289","MEDICINE:GASTRON;TABLET;BOX;6;2 MG",72,"EA",10.99,791.28,"T/S PPE 1st Aid","Central Customer Service","Delivery To Site","128","0002","","","",""]
["","390","K","","0705261","MEDICINE:MULTIVITES;TABLET;1000",1,"EA",0.01,0.01,"G/Serv Med Serv","Central Customer Service","Delivery To Site","271","0002","","","",""]
["","400","K","","0705263","MEDICINE:NORMAL SALINE;LIQUID;200 ML",45,"EA",36.99,{"v":1664.55,"d":"1,664.55"},"G/Serv Med Serv","Central Customer Service","Delivery To Site","128","0002","","","",""]
["","410","K","","0705262","MEDICINE:NORMAL SALINE;LIQUID;1000 ML",45,"EA",56.99,{"v":2564.55,"d":"2,564.55"},"G/Serv Med Serv","Central Customer Service","Delivery To Site","128","0002","","","",""]
["","420","K","","0698546","MEDICINE, NAUSEA:CYCLIZINE;TABLET;50 MG",1,"EA",{"v":0,"d":"0.00"},{"v":0,"d":"0.00"},"T/S PPE 1st Aid","Central Customer Service","Delivery To Site","271","0002","","","",""]
["","430","K","","0698549","MEDICINE PAINKILR:PARACETAMOL;TABLET",15,"EA",{"v":152.5,"d":"152.50"},{"v":2287.5,"d":"2,287.50"},"T/S PPE 1st Aid","Central Customer Service","Delivery To Site","128","0002","","","",""]
["","440","K","","0699953","MEDICINE:REHIDRAT;POWDER;14 G;SACHET;6",1,"EA",{"v":0,"d":"0.00"},{"v":0,"d":"0.00"},"GX Plant","Central Customer Service","Delivery To Site","271","0002","","","",""]
["","450","K","","0666673","WIPE:DISINFECTING;20 X 14 CM",90,"EA",{"v":220,"d":"220.00"},{"v":19800,"d":"19,800.00"},"T/S PPE 1st Aid","Central Customer Service","Delivery To Site","128","0002","","","",""]
["","460","K","","0698578","STETHOSCOPE:DUAL TUBE;700 MM;44 MM",15,"EA",{"v":200,"d":"200.00"},{"v":3000,"d":"3,000.00"},"T/S PPE 1st Aid","Central Customer Service","Delivery To Site","128","0002","","","",""]
["","470","K","","0698581","SYRINGE:5 ML",15,"EA",{"v":90,"d":"90.00"},{"v":1350,"d":"1,350.00"},"T/S PPE 1st Aid","Central Customer Service","Delivery To Site","128","0002","","","",""]
["","480","K","","0698582","SYRINGE:10 ML",15,"EA",{"v":90,"d":"90.00"},{"v":1350,"d":"1,350.00"},"T/S PPE 1st Aid","Central Customer Service","Delivery To Site","128","0002","","","",""]
["","490","K","","0698588","THERMOMETER:DIGITAL;34-43 DEG C",9,"EA",{"v":140,"d":"140.00"},{"v":1260,"d":"1,260.00"},"T/S PPE 1st Aid","Central Customer Service","Delivery To Site","128","0002","","","",""]
["","500","K","","0669970","STOPWTCH:TIMER;DIGITAL;0-60 MIN;SILVER",1,"EA",0.01,0.01,"Tactical Source","Central Customer Service","Delivery To Site","271","0002","","","",""]
["","510","K","","0704694","WIPE:SANISPRAY FLUID;150 MM",1,"EA",0.01,0.01,"GX Plant","Central Customer Service","Delivery To Site","271","0002","","","",""]
["","520","K","","0698510","GAS OXYGEN:MEDICAL;100 PCT;O2;GAS;3 L",1,"EA",{"v":460,"d":"460.00"},{"v":460,"d":"460.00"},"T/S PPE 1st Aid","Central Customer Service","Delivery To Site","271","0002","","","",""]
["","530","K","","0698563","PLASTER, MEDICAL:FABRIC;WD 22 X LG 63 MM",18,"EA",{"v":99.9,"d":"99.90"},{"v":1798.2,"d":"1,798.20"},"T/S PPE 1st Aid","Central Customer Service","Delivery To Site","128","0002","","","",""]
["","540","K","","0698562","PAD SNTRY:ULTRA THIN;SYNTHETIC;YES;20 PC",60,"EA",46.99,{"v":2819.4,"d":"2,819.40"},"T/S PPE 1st Aid","Central Customer Service","Delivery To Site","128","0002","","","",""]
["","550","K","","0698497","DISINFECTANT:BIOCIDE;SACHETS;30 G",21,"EA",{"v":198,"d":"198.00"},{"v":4158,"d":"4,158.00"},"T/S PPE 1st Aid","Central Customer Service","Delivery To Site","128","0002","","","",""]
["","560","K","","0698485","BLANKET:BURNSHIELD;WD 110 MM;LG 500 MM",9,"EA",{"v":3649.99,"d":"3,649.99"},{"v":32849.91,"d":"32,849.91"},"T/S PPE 1st Aid","Central Customer Service","Delivery To Site","128","0002","","","",""]
["","570","K","","0698573","SLNG SHLDR ARM & WRST:COLLAR AND CUFF",6,"EA",{"v":97,"d":"97.00"},{"v":582,"d":"582.00"},"T/S PPE 1st Aid","Central Customer Service","Delivery To Site","128","0002","","","",""]
["","580","K","","0698489","CLLR MED:STOCKINETTE;COTTON/PE FOAM",15,"EA",{"v":46,"d":"46.00"},{"v":690,"d":"690.00"},"T/S PPE 1st Aid","Central Customer Service","Delivery To Site","128","0002","","","",""]
["","590","K","","0698490","CLLR MED:STOCKINETTE;COTTON/PE FOAM",15,"EA",{"v":57,"d":"57.00"},{"v":855,"d":"855.00"},"T/S PPE 1st Aid","Central Customer Service","Delivery To Site","128","0002","","","",""]
["","600","K","","0698491","CLLR MED:STOCKINETTE;COTTON/PE FOAM",15,"EA",{"v":59,"d":"59.00"},{"v":885,"d":"885.00"},"T/S PPE 1st Aid","Central Customer Service","Delivery To Site","128","0002","","","",""]
["","610","K","","0698566","PLASTER, MEDICAL:TAN FABRIC;1 PC;ROLL",30,"EA",{"v":38,"d":"38.00"},{"v":1140,"d":"1,140.00"},"T/S PPE 1st Aid","Central Customer Service","Delivery To Site","128","0002","","","",""]
["","620","K","","0698565","PLASTER, MEDICAL:COVERPLAST;RECTANGULAR",30,"EA",{"v":46,"d":"46.00"},{"v":1380,"d":"1,380.00"},"T/S PPE 1st Aid","Central Customer Service","Delivery To Site","128","0002","","","",""]
["","630","K","","0698567","PLASTER, MEDICAL:TAN FABRIC;1 PC;ROLL",30,"EA",{"v":49,"d":"49.00"},{"v":1470,"d":"1,470.00"},"T/S PPE 1st Aid","Central Customer Service","Delivery To Site","128","0002","","","",""]
["","640","K","","0697258","PLASTER, MEDICAL:ELASTOPLAST;75 MM",30,"EA",{"v":59,"d":"59.00"},{"v":1770,"d":"1,770.00"},"T/S PPE 1st Aid","Central Customer Service","Delivery To Site","128","0002","","","",""]
["","650","K","","0698545","MEDICINE, NAUSEA:METOCLPRAMIDE;TABLET",72,"EA",42.85,{"v":3085.2,"d":"3,085.20"},"T/S PPE 1st Aid","Central Customer Service","Delivery To Site","128","0002","","","",""]
["","660","K","","0698542","MEDICINE, ANTIDOTE:LIQUID;25 MG;1 PC",1,"EA",0.01,0.01,"T/S PPE 1st Aid","Central Customer Service","Delivery To Site","271","0002","","","",""]
["","670","K","","0698552","MEDICINE, RESPIRATORY:SALBUTAMOL;LIQUID",15,"EA",{"v":322,"d":"322.00"},{"v":4830,"d":"4,830.00"},"T/S PPE 1st Aid","Central Customer Service","Delivery To Site","128","0002","","","",""]
["","680","K","","0697294","MEDICINE:DUOLIN RESPULES;LIQUID;60",12,"EA",79.42,953.04,"T/S PPE 1st Aid","Central Customer Service","Delivery To Site","128","0002","","","",""]
["","690","K","","0698545","MEDICINE, NAUSEA:METOCLPRAMIDE;TABLET",1,"EA",0.01,0.01,"T/S PPE 1st Aid","Central Customer Service","Delivery To Site","271","0002","","","",""]
["","700","K","","0669561","MEDICINE, CORTIZONE:SOLUCORTEF;1;N;4",1,"EA",35.46,35.46,"T/S PPE 1st Aid","Central Customer Service","Delivery To Site","271","0002","","","",""]
["","710","K","","0698559","OINTMNT MED:MUSCULAR PAIN CREAM;CREAM",120,"EA",8.99,{"v":1078.8,"d":"1,078.80"},"T/S PPE 1st Aid","Central Customer Service","Delivery To Site","128","0002","","","",""]
["","720","K","","0666413","MEDICINE:IODISED THROAT LOZENGES;TABLET",1,"EA",0.01,0.01,"T/S PPE 1st Aid","Central Customer Service","Delivery To Site","271","0002","","","",""]
["","730","K","","0697383","MEDICINE:DICLOFENAC;FLUID;BOTTLE;10",60,"EA",19.86,{"v":1191.6,"d":"1,191.60"},"T/S PPE 1st Aid","Central Customer Service","Delivery To Site","128","0002","","","",""]
["","740","K","","0666673","WIPE:DISINFECTING;20 X 14 CM",1,"EA",0.01,0.01,"T/S PPE 1st Aid","Central Customer Service","Delivery To Site","271","0002","","","",""]
["","750","K","","0698578","STETHOSCOPE:DUAL TUBE;700 MM;44 MM",1,"EA",65.45,65.45,"T/S PPE 1st Aid","Central Customer Service","Delivery To Site","271","0002","","","",""]
["","760","K","","0698581","SYRINGE:5 ML",1,"EA",{"v":64.5,"d":"64.50"},{"v":64.5,"d":"64.50"},"T/S PPE 1st Aid","Central Customer Service","Delivery To Site","271","0002","","","",""]
["","770","K","","0698582","SYRINGE:10 ML",1,"EA",{"v":73,"d":"73.00"},{"v":73,"d":"73.00"},"T/S PPE 1st Aid","Central Customer Service","Delivery To Site","271","0002","","","",""]
["","780","K","","0698588","THERMOMETER:DIGITAL;34-43 DEG C",1,"EA",{"v":140,"d":"140.00"},{"v":140,"d":"140.00"},"T/S PPE 1st Aid","Central Customer Service","Delivery To Site","271","0002","","","",""]
["","790","K","","0669970","STOPWTCH:TIMER;DIGITAL;0-60 MIN;SILVER",1,"EA",0.01,0.01,"Tactical Source","Central Customer Service","Delivery To Site","271","0002","","","",""]
["","800","K","","0704694","WIPE:SANISPRAY FLUID;150 MM",1,"EA",0.01,0.01,"GX Plant","Central Customer Service","Delivery To Site","271","0002","","","",""]
["","810","K","","0698510","GAS OXYGEN:MEDICAL;100 PCT;O2;GAS;3 L",90,"EA",{"v":260,"d":"260.00"},{"v":23400,"d":"23,400.00"},"T/S PPE 1st Aid","Central Customer Service","Delivery To Site","128","0002","","","",""]
["","820","K","","0698562","PAD SNTRY:ULTRA THIN;SYNTHETIC;YES;20 PC",1,"EA",46.99,46.99,"T/S PPE 1st Aid","Central Customer Service","Delivery To Site","271","0002","","","",""]
["","830","K","","0698497","DISINFECTANT:BIOCIDE;SACHETS;30 G",1,"EA",{"v":198,"d":"198.00"},{"v":198,"d":"198.00"},"T/S PPE 1st Aid","Central Customer Service","Delivery To Site","271","0002","","","",""]
["","840","K","","0698573","SLNG SHLDR ARM & WRST:COLLAR AND CUFF",1,"EA",0.01,0.01,"T/S PPE 1st Aid","Central Customer Service","Delivery To Site","271","0002","","","",""]
["","850","K","","0698491","CLLR MED:STOCKINETTE;COTTON/PE FOAM",1,"EA",0.01,0.01,"T/S PPE 1st Aid","Central Customer Service","Delivery To Site","271","0002","","","",""]
["","860","K","","0698565","PLASTER, MEDICAL:COVERPLAST;RECTANGULAR",1,"EA",0.01,0.01,"T/S PPE 1st Aid","Central Customer Service","Delivery To Site","271","0002","","","",""]
["","870","K","","0698566","PLASTER, MEDICAL:TAN FABRIC;1 PC;ROLL",1,"EA",0.01,0.01,"T/S PPE 1st Aid","Central Customer Service","Delivery To Site","271","0002","","","",""]
["","880","K","","0697258","PLASTER, MEDICAL:ELASTOPLAST;75 MM",1,"EA",17.99,17.99,"T/S PPE 1st Aid","Central Customer Service","Delivery To Site","271","0002","","","",""]
["","890","K","","0705263","MEDICINE:NORMAL SALINE;LIQUID;200 ML",1,"EA",14.99,14.99,"G/Serv Med Serv","Central Customer Service","Delivery To Site","271","0002","","","",""]
["","900","K","","0705261","MEDICINE:MULTIVITES;TABLET;1000",1,"EA",0.01,0.01,"G/Serv Med Serv","Central Customer Service","Delivery To Site","271","0002","","","",""]
["","910","K","","0705262","MEDICINE:NORMAL SALINE;LIQUID;1000 ML",1,"EA",16.99,16.99,"G/Serv Med Serv","Central Customer Service","Delivery To Site","271","0002","","","",""]
["","920","K","","0698546","MEDICINE, NAUSEA:CYCLIZINE;TABLET;50 MG",1,"EA",0.01,0.01,"T/S PPE 1st Aid","Central Customer Service","Delivery To Site","271","0002","","","",""]
["","930","K","","0698549","MEDICINE PAINKILR:PARACETAMOL;TABLET",1,"EA",{"v":152.5,"d":"152.50"},{"v":152.5,"d":"152.50"},"T/S PPE 1st Aid","Central Customer Service","Delivery To Site","271","0002","","","",""]
["","940","K","","0698545","MEDICINE, NAUSEA:METOCLPRAMIDE;TABLET",1,"EA",0.01,0.01,"T/S PPE 1st Aid","Central Customer Service","Delivery To Site","271","0002","","","",""]
["","950","K","","0694261","WIPE:MEDI;200 X 150 CM;WET PAPER",1,"EA",0.01,0.01,"T/S MRO Consumables","Central Customer Service","Delivery To Site","271","0002","","","",""]
["","960","K","","0706782","SWAB MED:ALCOHOL;100 M2;COTTON GAUZE;100",15,"EA",45.99,689.85,"G/Serv Med Serv","Central Customer Service","Delivery To Site","128","0002","","","",""]
["","970","K","","0698528","MASK, SURGICAL:MEDIUM",60,"EA",99.99,{"v":5999.4,"d":"5,999.40"},"T/S PPE 1st Aid","Central Customer Service","Delivery To Site","128","0002","","","",""]
["","980","K","","0706781","MASK:N95;MIN 0.3 U",45,"EA",{"v":599,"d":"599.00"},{"v":26955,"d":"26,955.00"},"G/Serv Med Serv","Central Customer Service","Delivery To Site","128","0002","","","",""]
["","990","K","","0666443","SENSTVTY STRP DIAGNSTC:MED; URINE",240,"EA",{"v":185.9,"d":"185.90"},{"v":44616,"d":"44,616.00"},"T/S PPE 1st Aid","Central Customer Service","Delivery To Site","128","0002","","","",""]
["","1000","K","","0697261","STRIP:ACCUTREND;WD 6 MM;THK 0.1 MM",60,"EA",190.99,{"v":11459.4,"d":"11,459.40"},"T/S PPE 1st Aid","Central Customer Service","Delivery To Site","128","0002","","","",""]
["","1010","K","","0698643","APRON:DISPOSABLE;ADJUSTABLE;PLASTIC",72,"EA",{"v":17.5,"d":"17.50"},{"v":1260,"d":"1,260.00"},"G/Serv Cater Bev","Central Customer Service","Delivery To Site","128","0002","","","",""]
["","1020","K","","0698555","NEEDLE, HYPODERMIC:MEDICAL INJECTION",30,"EA",{"v":40.2,"d":"40.20"},{"v":1206,"d":"1,206.00"},"T/S PPE 1st Aid","Central Customer Service","Delivery To Site","128","0002","","","",""]
["","1030","K","","0698511","GEL:BURNSHIELD HYDROGEL;BOTTLE;125 G",1,"EA",0.01,0.01,"T/S PPE 1st Aid","Central Customer Service","Delivery To Site","271","0002","","","",""]
["","1040","K","","0698556","NEEDLE, HYPODERMIC:STANDARD;32 MM;22 GA",30,"EA",{"v":40.2,"d":"40.20"},{"v":1206,"d":"1,206.00"},"T/S PPE 1st Aid","Central Customer Service","Delivery To Site","128","0002","","","",""]
["","1050","K","","0698553","NEEDLE, HYPODERMIC:RADIOPAQUE;45 MM",15,"EA",{"v":17.2,"d":"17.20"},{"v":258,"d":"258.00"},"T/S PPE 1st Aid","Central Customer Service","Delivery To Site","128","0002","","","",""]
["","1060","K","","0671944","DXTRS:5% MEDICAL;MONOHYDRATE;1000 ML",30,"EA",{"v":70,"d":"70.00"},{"v":2100,"d":"2,100.00"},"T/S PPE 1st Aid","Central Customer Service","Delivery To Site","128","0002","","","",""]
["","1070","K","","0698567","PLASTER, MEDICAL:TAN FABRIC;1 PC;ROLL",1,"EA",0.01,0.01,"T/S PPE 1st Aid","Central Customer Service","Delivery To Site","271","0002","","","",""]
["","1080","K","","0698563","PLASTER, MEDICAL:FABRIC;WD 22 X LG 63 MM",1,"EA",0.01,0.01,"T/S PPE 1st Aid","Central Customer Service","Delivery To Site","271","0002","","","",""]
["","1090","K","","0698485","BLANKET:BURNSHIELD;WD 110 MM;LG 500 MM",1,"EA",0.01,0.01,"T/S PPE 1st Aid","Central Customer Service","Delivery To Site","271","0002","","","",""]
["","1100","K","","0697282","GAUZE:COMPRESS;WD 50 X LG 50 MM",15,"EA",12.99,194.85,"T/S PPE 1st Aid","Central Customer Service","Delivery To Site","128","0002","","","",""]
["","1110","K","","0669560","MEDICINE, ANTIHISTAMINE:ALLERGEX;TUBE",1,"EA",16.99,16.99,"T/S PPE 1st Aid","Central Customer Service","Delivery To Site","271","0002","","","",""]
["","1120","K","","0698478","BANDAGE:CONFORM;WD 50 MM;LG 3 M",30,"EA",42.99,{"v":1289.7,"d":"1,289.70"},"T/S PPE 1st Aid","Central Customer Service","Delivery To Site","128","0002","","","",""]
["","1130","K","","0698478","BANDAGE:CONFORM;WD 50 MM;LG 3 M",1,"EA",0.01,0.01,"T/S PPE 1st Aid","Central Customer Service","Delivery To Site","271","0002","","","",""]
["","1140","K","","0698479","BANDAGE:CONFORM;WD 75 MM;LG 3 M",30,"EA",46.99,{"v":1409.7,"d":"1,409.70"},"T/S PPE 1st Aid","Central Customer Service","Delivery To Site","128","0002","","","",""]
["","1150","K","","0666413","MEDICINE:IODISED THROAT LOZENGES;TABLET",1,"EA",{"v":0,"d":"0.00"},{"v":0,"d":"0.00"},"T/S PPE 1st Aid","Central Customer Service","Delivery To Site","271","0002","","","",""]
["","1160","K","","0666691","MEDICINE:EAR DROP;CLEAR LIQUID;10 ML;1",1,"EA",20.99,20.99,"T/S PPE 1st Aid","Central Customer Service","Delivery To Site","271","0002","","","",""]
["","1170","K","","0698479","BANDAGE:CONFORM;WD 75 MM;LG 3 M",1,"EA",0.01,0.01,"T/S PPE 1st Aid","Central Customer Service","Delivery To Site","271","0002","","","",""]
["","1180","K","","0690632","VISOR FCSHLD INDSTRL:CLIP ON BRACKET",1,"EA",0.01,0.01,"Prim & Second Plant","Central Customer Service","Delivery To Site","271","0002","","","",""]
["","1190","K","","0706781","MASK:N95;MIN 0.3 U",1,"EA",{"v":599,"d":"599.00"},{"v":599,"d":"599.00"},"G/Serv Med Serv","Central Customer Service","Delivery To Site","271","0002","","","",""]
["","1200","K","","0698517","JAR:URINE SPECIMIEN;200 ML;PLASTIC",45,"EA",{"v":24,"d":"24.00"},{"v":1080,"d":"1,080.00"},"T/S PPE 1st Aid","Central Customer Service","Delivery To Site","128","0002","","","",""]
["","1210","K","","0706781","MASK:N95;MIN 0.3 U",1,"EA",0.01,0.01,"G/Serv Med Serv","Central Customer Service","Delivery To Site","271","0002","","","",""]
["","1220","K","","0698577","SPHYGMOMANOMETER:PORTABLE;DIGITAL",15,"EA",{"v":450,"d":"450.00"},{"v":6750,"d":"6,750.00"},"T/S PPE 1st Aid","Central Customer Service","Delivery To Site","128","0002","","","",""]
["","1230","K","","0248827","SCISSORS",15,"EA",{"v":30,"d":"30.00"},{"v":450,"d":"450.00"},"GX Plnt Motors","Central Customer Service","Delivery To Site","128","0002","","","",""]
["","1240","K","","0698543","MEDICINE, ANTIHISTAMINE:ALLERGEX;ORAL",72,"EA",25.99,{"v":1871.28,"d":"1,871.28"},"T/S PPE 1st Aid","Central Customer Service","Delivery To Site","128","0002","","","",""]
["","1250","K","","0698550","MEDICINE PAINKILR:DICLOFEAC;LIQUID;75 MG",60,"EA",24.99,{"v":1499.4,"d":"1,499.40"},"T/S PPE 1st Aid","Central Customer Service","Delivery To Site","271","0002","","","",""]
["","1260","K","","0698544","MEDICINE, NAUSEA:CLOPAMON;LIQUID;10 MG",72,"EA",8.98,646.56,"T/S PPE 1st Aid","Central Customer Service","Delivery To Site","128","0002","","","",""]
["","1270","K","","0698537","MEDICINE:HYOSCINE HYDROBROMIDE;LIQUID",60,"EA",33.45,{"v":2007,"d":"2,007.00"},"T/S PPE 1st Aid","Central Customer Service","Delivery To Site","128","0002","","","",""]
["","1280","K","","0698542","MEDICINE, ANTIDOTE:LIQUID;25 MG;1 PC",60,"EA",81.99,{"v":4919.4,"d":"4,919.40"},"T/S PPE 1st Aid","Central Customer Service","Delivery To Site","128","0002","","","",""]
["","1290","K","","0540165","PLASTER, MEDICAL:NON-ALLERGENIC;ROLL;1",36,"EA",{"v":35,"d":"35.00"},{"v":1260,"d":"1,260.00"},"GX Plant","Central Customer Service","Delivery To Site","128","0002","","","",""]
["","1300","K","","0698564","PLASTER, MEDICAL:FABRIC;WD 22 X LG 63 MM",18,"EA",{"v":37,"d":"37.00"},{"v":666,"d":"666.00"},"T/S PPE 1st Aid","Central Customer Service","Delivery To Site","128","0002","","","",""]
["","1310","K","","0698488","CLLR MED:STOCKINETTE;COTTON/PE FOAM",15,"EA",{"v":37,"d":"37.00"},{"v":555,"d":"555.00"},"T/S PPE 1st Aid","Central Customer Service","Delivery To Site","128","0002","","","",""]
["","1320","K","","0698498","DISINFECTANT:CENTRIMIDE SOLUTION;BOTTLE",60,"EA",8.99,{"v":539.4,"d":"539.40"},"T/S PPE 1st Aid","Central Customer Service","Delivery To Site","128","0002","","","",""]
["","1330","K","","0698520","KIT:DRIP, 15 DROP/ML;INFUSION",60,"EA",18.99,{"v":1139.4,"d":"1,139.40"},"T/S PPE 1st Aid","Central Customer Service","Delivery To Site","128","0002","","","",""]
["","1340","K","","0698568","PLASTER, MEDICAL:TAN FABRIC;1 PC;ROLL",30,"EA",{"v":89,"d":"89.00"},{"v":2670,"d":"2,670.00"},"T/S PPE 1st Aid","Central Customer Service","Delivery To Site","128","0002","","","",""]
["","1350","K","","0675125","GLOVE DSPSBL:LARGE;LG 105 MM;THK 4-8 MM",30,"EA",{"v":210,"d":"210.00"},{"v":6300,"d":"6,300.00"},"T/S PPE Prot Equip","Central Customer Service","Delivery To Site","128","0002","","","",""]
["","1360","K","","0675126","GLOVE DSPSBL:X-LARGE;NONE",30,"EA",{"v":210,"d":"210.00"},{"v":6300,"d":"6,300.00"},"T/S PPE Prot Equip","Central Customer Service","Delivery To Site","128","0002","","","",""]
["","1370","K","","0698554","NEEDLE, HYPODERMIC:INTRAVENOUS;45 MM",15,"EA",{"v":17.2,"d":"17.20"},{"v":258,"d":"258.00"},"T/S PPE 1st Aid","Central Customer Service","Delivery To Site","128","0002","","","",""]
["","1380","K","","0698589","TISSUE:FACIAL; TWO PLY;SQ 216 MM",150,"EA",34.68,{"v":5202,"d":"5,202.00"},"T/S PPE 1st Aid","Central Customer Service","Delivery To Site","128","0002","","","",""]
["","1390","K","","0698526","LANCET:SAFETY;26/28 GA;BOX;200 PC",36,"EA",{"v":67.8,"d":"67.80"},{"v":2440.8,"d":"2,440.80"},"T/S PPE 1st Aid","Central Customer Service","Delivery To Site","128","0002","","","",""]
["","1400","K","","0698569","PLASTER, MEDICAL:POST-OPERATIVE",30,"EA",{"v":16.7,"d":"16.70"},{"v":501,"d":"501.00"},"T/S PPE 1st Aid","Central Customer Service","Delivery To Site","128","0002","","","",""]
["","1410","K","","0698486","CNNLA:NASAL;PVC;LG 2 M;CLEAR/GREEN;5 L",60,"EA",{"v":36,"d":"36.00"},{"v":2160,"d":"2,160.00"},"T/S PPE 1st Aid","Central Customer Service","Delivery To Site","128","0002","","","",""]
["","1420","K","","0698583","SYRINGE:20 ML",60,"EA",3.95,{"v":237,"d":"237.00"},"T/S PPE 1st Aid","Central Customer Service","Delivery To Site","128","0002","","","",""]
["","1430","K","","0698584","SYRINGE:50 ML",30,"EA",{"v":5.9,"d":"5.90"},{"v":177,"d":"177.00"},"T/S PPE 1st Aid","Central Customer Service","Delivery To Site","128","0002","","","",""]
["","1440","K","","0698496","DEPRESSOR TNG:STRAIGHT;WOOD;LG 152.4 MM",60,"EA",{"v":40,"d":"40.00"},{"v":2400,"d":"2,400.00"},"T/S PPE 1st Aid","Central Customer Service","Delivery To Site","128","0002","","","",""]
["","1450","K","","0697252","BANDAGE:TRIANGULAR;WD 101.6 CM;CLOTH",30,"EA",{"v":16.5,"d":"16.50"},{"v":495,"d":"495.00"},"T/S PPE 1st Aid","Central Customer Service","Delivery To Site","128","0002","","","",""]
["","1460","K","","0698590","TWEEZERS:LG 130 MM;PLASTIC",30,"EA",3.95,{"v":118.5,"d":"118.50"},"T/S PPE 1st Aid","Central Customer Service","Delivery To Site","128","0002","","","",""]
["","1470","K","","0698523","LAMP HID:HALOGEN;3.5 V;2.52 W;WHITE",30,"EA",{"v":429,"d":"429.00"},{"v":12870,"d":"12,870.00"},"T/S PPE 1st Aid","Central Customer Service","Delivery To Site","128","0002","","","",""]
["","1480","K","","0698524","LAMP HID:HALOGEN;3.5 V;2.7 W;WHITE",48,"EA",206.99,{"v":9935.52,"d":"9,935.52"},"T/S PPE 1st Aid","Central Customer Service","Delivery To Site","128","0002","","","",""]
["","1490","K","","0698525","LAMP HID:HALOGEN;3.5 V;2.7 W;WHITE",48,"EA",{"v":366,"d":"366.00"},{"v":17568,"d":"17,568.00"},"T/S PPE 1st Aid","Central Customer Service","Delivery To Site","128","0002","","","",""]
["","1500","K","","0698521","KIT:MEDICAL;WOUND DRESSING",45,"EA",{"v":29,"d":"29.00"},{"v":1305,"d":"1,305.00"},"T/S PPE 1st Aid","Central Customer Service","Delivery To Site","128","0002","","","",""]
["","1510","K","","0698482","BATT DCELL:ALKALINE;1.5 V;FLAT;2C",60,"EA",{"v":32,"d":"32.00"},{"v":1920,"d":"1,920.00"},"T/S PPE 1st Aid","Central Customer Service","Delivery To Site","128","0002","","","",""]
["","1520","K","","0698560","OVRSHS DSPSBL:BOOT;UNIVERSAL;LAMINATES",72,"EA",{"v":99,"d":"99.00"},{"v":7128,"d":"7,128.00"},"T/S PPE 1st Aid","Central Customer Service","Delivery To Site","128","0002","","","",""]
["","1530","K","","0698495","COVERALL:DISPOSABLE;STANDARD",72,"EA",{"v":150,"d":"150.00"},{"v":10800,"d":"10,800.00"},"T/S PPE 1st Aid","Central Customer Service","Delivery To Site","128","0002","","","",""]
["","1540","K","","0698487","CAP DSPSBL:SURGICAL;ONE SIZE FITS ALL",72,"EA",27.99,{"v":2015.28,"d":"2,015.28"},"T/S PPE 1st Aid","Central Customer Service","Delivery To Site","128","0002","","","",""]
["","1550","K","","0698509","FCSHLD SFTY:ANTI FOG;PVC;TRANSPARENT",72,"EA",15.99,{"v":1151.28,"d":"1,151.28"},"T/S PPE 1st Aid","Central Customer Service","Delivery To Site","128","0002","","","",""]
["","1560","K","","0698501","DISINFECTANT:HAND SANITIZER;BOTTLE;5 L",18,"EA",{"v":320,"d":"320.00"},{"v":5760,"d":"5,760.00"},"T/S PPE 1st Aid","Central Customer Service","Delivery To Site","128","0002","","","",""]
["","1570","K","","0698522","KIT:CUFF;SPHYGMOMANOMETER",9,"EA",{"v":280,"d":"280.00"},{"v":2520,"d":"2,520.00"},"T/S PPE 1st Aid","Central Customer Service","Delivery To Site","128","0002","","","",""]
["","1580","K","","0685094","BATT:DURACELL AAA;1.5 V",240,"EA",{"v":12.5,"d":"12.50"},{"v":3000,"d":"3,000.00"},"T/S MRO Consumables","Central Customer Service","Delivery To Site","128","0002","","","",""]
["","1590","K","","0667280","BATT DCELL:LITHIUM;3 V;DIA 20 MM;CR2032",120,"EA",{"v":16,"d":"16.00"},{"v":1920,"d":"1,920.00"},"GX Plant","Central Customer Service","Delivery To Site","128","0002","","","",""]
["","1600","K","","0550728","BATT DCELL:ALKALINE;1.5 VDC;AA;FLAT PIN",180,"EA",{"v":12.5,"d":"12.50"},{"v":2250,"d":"2,250.00"},"Prim & Second Plant","Central Customer Service","Delivery To Site","128","0002","","","",""]
["","1610","K","","0400619","BATT DCELL:ZN CARBON;1.5 V;D; LARGE",120,"EA",{"v":35,"d":"35.00"},{"v":4200,"d":"4,200.00"},"GX Plnt Motors","Central Customer Service","Delivery To Site","128","0002","","","",""]
["","1620","K","","0666443","SENSTVTY STRP DIAGNSTC:MED; URINE",15,"EA",168.54,{"v":2528.1,"d":"2,528.10"},"T/S PPE 1st Aid","Central Customer Service","Delivery To Site","271","0002","","","",""]
["","1630","K","","0666672","GLCSEMTR:BLOOD GLUCOSE MONITOR;LARGE",25,"EA",{"v":175,"d":"175.00"},{"v":4375,"d":"4,375.00"},"Prim & Second Plant","Central Customer Service","Delivery To Site","271","0002","","","",""]
["","1640","K","","0698546","MEDICINE, NAUSEA:CYCLIZINE;TABLET;50 MG",60,"EA",38.99,{"v":2339.4,"d":"2,339.40"},"T/S PPE 1st Aid","Central Customer Service","Delivery To Site","128","0002","","","",""]
["","1650","K","","0698576","SOLUTION:RINGERS LACTATE;28 MMOL/L;CLNA",45,"EA",28.99,{"v":1304.55,"d":"1,304.55"},"T/S PPE 1st Aid","Central Customer Service","Delivery To Site","128","0002","","","",""]
["","1660","K","","0698561","PAD MED:OVAL EYE PADS;85 MM;12 PC",60,"EA",59.99,{"v":3599.4,"d":"3,599.40"},"T/S PPE 1st Aid","Central Customer Service","Delivery To Site","271","0002","","","",""]
["","1670","K","","0698476","BAG:PILL POCKET;WD 79 X LG 90 MM;WHITE",9,"EA",{"v":150,"d":"150.00"},{"v":1350,"d":"1,350.00"},"T/S PPE 1st Aid","Central Customer Service","Delivery To Site","128","0002","","","",""]
["","1680","K","","0704767","FIRST AID KIT:OFFICE BOX REFILL",15,"EA",4.95,74.25,"T/S PPE 1st Aid","Central Customer Service","Delivery To Site","128","0002","","","",""]
["","1690","K","","0698500","DISINFECTANT:SAVLON;BOTTLE;2 L",24,"EA",89.95,{"v":2158.8,"d":"2,158.80"},"T/S PPE 1st Aid","Central Customer Service","Delivery To Site","128","0002","","","",""]
["","1700","K","","0698483","BLADE, SURGICAL KNIFE:BULL NOSE",9,"EA",{"v":158,"d":"158.00"},{"v":1422,"d":"1,422.00"},"T/S PPE 1st Aid","Central Customer Service","Delivery To Site","128","0002","","","",""]
["","1710","K","","0698501","DISINFECTANT:HAND SANITIZER;BOTTLE;5 L",45,"EA",{"v":320,"d":"320.00"},{"v":14400,"d":"14,400.00"},"T/S PPE 1st Aid","Central Customer Service","Delivery To Site","271","0002","","","",""]
["","1720","K","","0698535","MEDICINE:HEPATITIS A VACCINE;LIQUID",60,"EA",118.99,{"v":7139.4,"d":"7,139.40"},"T/S PPE 1st Aid","Central Customer Service","Delivery To Site","128","0002","","","",""]
["","1730","K","","0666683","MASK OXYGEN:NEBULIZER;ADULT;CLEAR PVC",90,"EA",{"v":25.6,"d":"25.60"},{"v":2304,"d":"2,304.00"},"T/S PPE 1st Aid","Central Customer Service","Delivery To Site","128","0002","","","",""]
["","1740","K","","0698580","SYRINGE:2 ML",15,"EA",{"v":90,"d":"90.00"},{"v":1350,"d":"1,350.00"},"T/S PPE 1st Aid","Central Customer Service","Delivery To Site","128","0002","","","",""]
["","1750","K","","0698546","MEDICINE, NAUSEA:CYCLIZINE;TABLET;50 MG",20,"EA",{"v":38.9,"d":"38.90"},{"v":778,"d":"778.00"},"T/S PPE 1st Aid","Central Customer Service","Delivery To Site","271","0002","","","",""]
["","1760","K","","0690522","MEDICINE:BUSCOPAN;INJECTION;1 ML;VIAL;1",60,"EA",32.99,{"v":1979.4,"d":"1,979.40"},"GX Plant","Central Customer Service","Delivery To Site","128","0002","","","",""]
["","1770","K","","0400619","BATT DCELL:ZN CARBON;1.5 V;D; LARGE",10,"EA",{"v":1,"d":"1.00"},{"v":10,"d":"10.00"},"GX Plnt Motors","Central Customer Service","Delivery To Site","271","0002","","","",""]
["","1780","K","","0666684","MASK OXYGEN:BASIC; STERILE;ADULT",60,"EA",{"v":36,"d":"36.00"},{"v":2160,"d":"2,160.00"},"T/S PPE 1st Aid","Central Customer Service","Delivery To Site","128","0002","","","",""]
["","1790","K","","0698508","EYE DROP:SPERSALLERG;BOTTLE;10 ML",45,"EA",59.99,{"v":2699.55,"d":"2,699.55"},"T/S PPE 1st Aid","Central Customer Service","Delivery To Site","128","0002","","","",""]
["","1800","K","","0698548","MEDICINE PAINKILR:IBUPROFEN;TABLET;ORAL",60,"EA",28.99,{"v":1739.4,"d":"1,739.40"},"T/S PPE 1st Aid","Central Customer Service","Delivery To Site","128","0002","","","",""]
["","1810","K","","0690545","MEDICINE:PROMETHAZINE;INJECTION;1 ML;1",24,"EA",38.99,935.76,"GX Plant","Central Customer Service","Delivery To Site","128","0002","","","",""]
["","","","","","",null,"",{"v":17164.44,"d":"17,164.44"},{"v":466131.04,"d":"466,131.04"},"","","","","","","","",""]